banner koha

Processos de mercado no Recife, area do Nordeste brasileiro (Registro n. 15390)

MARC details
000 -LÍDER
campo de controle de tamanho fixo 01168nam a22003977a 4500
001 - NÚMERO DE CONTROLE
campo de controle BR7200923
003 - IDENTIFICADOR DO NÚMERO DE CONTROLE
campo de controle BR-BrBNA
005 - DATA E HORÁRIO DA ÚLTIMA TRANSAÇÃO
campo de controle 20230928083824.0
007 - CAMPO FIXO DE DESCRIÇÃO FÍSICA--INFORMAÇÃO GERAL
campo de controle de tamanho fixo ta
008 - CAMPO DE DADOS FIXOS--INFORMAÇÃO GERAL
campo de controle de tamanho fixo 230509b bl.||||| |||| 00| 0 por d
040 ## - FONTE DA CATALOGAÇÃO
Instituição da catalogação original BR-BrBNA
Idioma da catalogação por
Instituição que transcreveu o registro Biblioteca Nacional de Agricultura
041 ## - CÓDIGO DE IDIOMA
Código do idioma do texto/trilha sonora ou título diferente (Por)
072 ## - CÓDIGO DE CATEGORIA DE ASSUNTO
Código de Categoria de Assunto E70
Código do objeto 0150
-- /G514
090 ## - NÚMERO DE CHAMADA LOCAL
-- 0150 BR7200923
100 1# - ENTRADA PRINCIPAL--NOME PESSOAL
Nome pessoal Slatter, C.
100 1# - ENTRADA PRINCIPAL--NOME PESSOAL
Nome pessoal Hiley, H.
100 1# - ENTRADA PRINCIPAL--NOME PESSOAL
Nome pessoal Farace, V.
100 1# - ENTRADA PRINCIPAL--NOME PESSOAL
Nome pessoal Harrison, K.
100 1# - ENTRADA PRINCIPAL--NOME PESSOAL
Nome pessoal Neves, F.
100 1# - ENTRADA PRINCIPAL--NOME PESSOAL
Nome pessoal Bogotay, A.
100 1# - ENTRADA PRINCIPAL--NOME PESSOAL
Nome pessoal Doctoroff, M.
100 1# - ENTRADA PRINCIPAL--NOME PESSOAL
Nome pessoal Larson, D.
100 1# - ENTRADA PRINCIPAL--NOME PESSOAL
Nome pessoal Nasen, R.
100 1# - ENTRADA PRINCIPAL--NOME PESSOAL
Nome pessoal Webb, T.
110 1# - ENTRADA PRINCIPAL--NOME CORPORATIVO
Nome corporativo ou nome da jurisdição Superintendencia do Desenvolvimento do Nordeste, Recife, PE (Brasil). Depto. de Agricultura e Abastecimento
245 1# - TÍTULO
Título Processos de mercado no Recife, area do Nordeste brasileiro
260 3# - PUBLICAÇÃO, DISTRIBUIÇÃO, ETC.
Local de publicação, distribuição, etc. Recife, PE (Brasil):
Data da publicação, distribuição, etc. 1972.
300 ## - DESCRIÇÃO FÍSICA
Extensão 83 p.
500 ## - NOTA GERAL
Nota geral (*) Documento disponível no(a) Superintendencia do Desenvolvimento do Nordeste, Fortaleza, CE (Brazil)
650 ## - ASSUNTO--TERMO TÓPICO
Cabeçalho tópico ou nome geográfico ARROZ
650 ## - ASSUNTO--TERMO TÓPICO
Cabeçalho tópico ou nome geográfico COMERCIALIZACAO
650 ## - ASSUNTO--TERMO TÓPICO
Cabeçalho tópico ou nome geográfico RECIFE
650 ## - ASSUNTO--TERMO TÓPICO
Cabeçalho tópico ou nome geográfico MERCADO
909 ## -
-- 202309
-- Lucia
-- 55
-- Lucia Elande
942 ## - ELEMENTOS DE ENTRADA ADICIONADOS (KOHA)
Tipo de material Koha Livros
Exemplares
Situação do descarte Fonte da classificação ou esquema de arquivamento na estante Situação física Não pode ser emprestado Biblioteca de origem Biblioteca atual Total de empréstimos Data de último acesso Número do exemplar Tipo de material Koha Nota pública Situação das perdas Data de aquisição Fonte de aquisição Qualificador de local codificado Custo, preço normal de compra Número do inventário Custo, preço de reposição Preço efetivo de
  Classificação AGRIS   INDISPONÍVEL Biblioteca Nacional de Agricultura - Binagri Biblioteca Nacional de Agricultura - Binagri   25/09/2023 01 Livros (*) Documento disponível no(a) Superintendencia do Desenvolvimento do Nordeste, Fortaleza, CE (Brazil) Em falta 2023-09-25 Portaria Interministerial nº 164/94          

BINAGRI

Telefone: (61)3218-2567/2388/3357/2097 - binagri@agro.gov.br

Ministério da Agricultura e Pecuária , Esplanada dos Ministérios, Bloco D, Anexo B, Brasília/DF, CEP: 70.043-900